|
|
|
|
| LEADER |
00000nam a2200000 a 4500 |
| 001 |
vtls008366297 |
| 003 |
SK-MaSNL |
| 005 |
20260301140408.0 |
| 008 |
251124s1934 xo slo |
| 015 |
|
|
|a SKSNBA19191938-001229
|
| 035 |
|
|
|a SK01SNKBSKHR20020058514
|
| 035 |
|
|
|a SKM000060977
|
| 040 |
|
|
|a SNK
|b slo
|c SNK
|e AACR2
|
| 041 |
1 |
|
|a slo
|
| 044 |
|
|
|a xo
|c SK
|
| 080 |
|
|
|a 513(075)
|2 1981
|
| 080 |
|
|
|a 372(075)
|2 1981
|
| 100 |
1 |
|
|a Buzek, Kamil,
|d 1874-1950
|4 aut
|9 145014
|
| 245 |
1 |
0 |
|a Meroveda a rysovanie pre školy meštianske
|c Kamil Buzek ; poslov. Jozef Sivák
|n Diel 1
|b (pre prvú triedu). So 125 obr. čiastočne farebnými v texte
|
| 250 |
|
|
|a 4. uprav. vyd.
|
| 260 |
|
|
|a Praha
|a Prešov
|b Čsl. Graf. Unia
|c 1934
|e Praha
|e Prešov
|f Čsl. Graf. Unia
|
| 300 |
|
|
|a 62 s.
|c 8°
|
| 650 |
0 |
7 |
|a meroveda
|x učebnice meštianskych škôl
|2 SNK
|9 493019
|
| 650 |
0 |
7 |
|a rysovanie
|x učebnice meštianskych škôl
|2 SNK
|9 493020
|
| 655 |
|
7 |
|a učebnice
|2 SNKPH
|9 22521
|
| 700 |
1 |
|
|a Sivák, Jozef,
|d 1886-1959
|4 trl
|9 100355
|
| 852 |
|
|
|a Slovenská národná knižnica v Martine
|b 10000
|h MS SD 3884/1
|
| 852 |
|
|
|a Univerzitná knižnica v Bratislave
|b 300000
|h SF 2259
|
| 958 |
|
|
|a RK
|
| 958 |
|
|
|a TL
|
| 999 |
|
|
|c 763519
|d 765449
|
| 952 |
|
|
|a SNK
|b SNK
|y VYP
|7 0
|p 17A0532325
|o snkSD 3884/1 D1
|i snkF 451/69
|8 5
|3 rekatalogizácia
|0 0
|1 0
|4 0
|d 2007-02-12
|l 0
|r 2026-02-24 00:11:25
|w 2026-02-24
|